<?xml version="1.0" encoding="UTF-8"?>
<record
    xmlns:xsi="http://www.w3.org/2001/XMLSchema-instance"
    xsi:schemaLocation="http://www.loc.gov/MARC21/slim http://www.loc.gov/standards/marcxml/schema/MARC21slim.xsd"
    xmlns="http://www.loc.gov/MARC21/slim">

  <leader>00716nam a22002297a 4500</leader>
  <controlfield tag="005">20170123162353.0</controlfield>
  <datafield tag="010" ind1=" " ind2=" ">
    <subfield code="a">286438</subfield>
  </datafield>
  <datafield tag="020" ind1=" " ind2=" ">
    <subfield code="c">5.00</subfield>
  </datafield>
  <datafield tag="035" ind1=" " ind2=" ">
    <subfield code="a">286438</subfield>
  </datafield>
  <datafield tag="037" ind1=" " ind2=" ">
    <subfield code="b">Cen Lib/Ret</subfield>
  </datafield>
  <datafield tag="040" ind1=" " ind2=" ">
    <subfield code="a">DPL</subfield>
    <subfield code="b">UR</subfield>
  </datafield>
  <datafield tag="082" ind1=" " ind2=" ">
    <subfield code="a">840.8</subfield>
    <subfield code="b">&#x634; &#x648; &#x6A9; </subfield>
  </datafield>
  <datafield tag="100" ind1=" " ind2=" ">
    <subfield code="a">&#x633;&#x628;&#x632;&#x648;&#x627;&#x631;&#x6CC;&#x60C; &#x634;&#x648;&#x6A9;&#x62A; </subfield>
    <subfield code="9">13995</subfield>
  </datafield>
  <datafield tag="245" ind1=" " ind2=" ">
    <subfield code="a">/ &#x646;&#x626;&#x6CC; &#x67E;&#x648;&#x631;&#x627;&#x646;&#x6CC; &#x642;&#x62F;&#x631;&#x6CC;&#x6BA; </subfield>
    <subfield code="c">&#x634;&#x648;&#x6A9;&#x62A; &#x633;&#x628;&#x632;&#x648;&#x627;&#x631;&#x6CC;</subfield>
  </datafield>
  <datafield tag="246" ind1=" " ind2=" ">
    <subfield code="a">Nai purani qadren /</subfield>
    <subfield code="b">by Shaukat Sabwari </subfield>
  </datafield>
  <datafield tag="260" ind1=" " ind2=" ">
    <subfield code="a">&#x6A9;&#x631;&#x627;&#x686;&#x6CC; </subfield>
    <subfield code="b">&#x645;&#x6A9;&#x62A;&#x628;&#x6C1; &#x627;&#x633;&#x644;&#x648;&#x628; </subfield>
    <subfield code="c">1961</subfield>
  </datafield>
  <datafield tag="270" ind1=" " ind2=" ">
    <subfield code="a">&#x646;&#x627;&#x638;&#x645; &#x622;&#x628;&#x627;&#x62F; &#x6A9;&#x631;&#x627;&#x686;&#x6CC; </subfield>
    <subfield code="b">&#x6A9;&#x631;&#x627;&#x686;&#x6CC; </subfield>
  </datafield>
  <datafield tag="300" ind1=" " ind2=" ">
    <subfield code="a">272p.</subfield>
    <subfield code="c">14cm(Hb)</subfield>
  </datafield>
  <datafield tag="650" ind1=" " ind2=" ">
    <subfield code="a">&#x627;&#x631;&#x62F;&#x648; &#x632;&#x628;&#x627;&#x646; </subfield>
    <subfield code="9">137644</subfield>
  </datafield>
  <datafield tag="650" ind1=" " ind2=" ">
    <subfield code="a">Urdu literature </subfield>
    <subfield code="9">137645</subfield>
  </datafield>
  <datafield tag="942" ind1=" " ind2=" ">
    <subfield code="2">ddc</subfield>
    <subfield code="c">UR</subfield>
    <subfield code="h">840.8</subfield>
    <subfield code="m">&#x634; &#x648; &#x6A9; </subfield>
  </datafield>
  <datafield tag="999" ind1=" " ind2=" ">
    <subfield code="c">109400</subfield>
    <subfield code="d">109400</subfield>
  </datafield>
  <datafield tag="952" ind1=" " ind2=" ">
    <subfield code="0">0</subfield>
    <subfield code="1">0</subfield>
    <subfield code="4">0</subfield>
    <subfield code="7">0</subfield>
    <subfield code="a">L</subfield>
    <subfield code="b">L</subfield>
    <subfield code="d">2016-03-09</subfield>
    <subfield code="e">Cen Lib/Ref</subfield>
    <subfield code="g">5.00</subfield>
    <subfield code="l">0</subfield>
    <subfield code="o">840.8 &#x634; &#x648; &#x6A9;</subfield>
    <subfield code="p">286438</subfield>
    <subfield code="r">2016-03-09 00:00:00</subfield>
    <subfield code="t">1</subfield>
    <subfield code="v">5.00</subfield>
    <subfield code="w">2016-03-09</subfield>
    <subfield code="y">UR</subfield>
  </datafield>
</record>
